000
00295nam a2200121Ia 4500
008
190216s9999||||xx |||||||||||||| ||und||
100
_a
Hatrley W C F
245
0
_a
Cash Palanning Forcasting And Control
260
_b
Business Book Ltd
_c
1976
300
_a
209p
650
_a
Commerce
942
_c
BK
999
_c
4418
_d
4418